000 00662nam a2200241Ia 4500
003 OSt
005 20220918194619.0
006 a|||||r|||| 00| 0
007 ta
008 220917b |||||||| |||| 00| 0 eng d
024 _a80,506
037 _cTextual
040 _aARTS
_cARTS
_beng
041 _2eng
_aeng
082 _aS:25-44, M1
100 _aDavis Graham ed
_985951
245 0 _aPerceving and remembering faces
260 _aLondon
_bAcadem,ic Press
_c1981
490 _aAcademic press series in cognition & perception
650 _aPSYCHOLOGY
942 _hS:25-44, M1
_cTEXL
_2CC
999 _c204229
_d204229